000 00970nas a2200301 4500
001 BR2015006941
003 BR-BrBNA
005 20231205130009.0
007 ta
008 230509b bl.|||p| |||| 00| 00por d
040 _aBR-BrBNA
_bpor
_cBiblioteca Nacional de Agricultura
041 _a(En)
072 _aL50
100 1 _aButler, T.L.
100 1 _aJacobsen, P.F.
100 1 _aMirtschin, P.J.
100 1 _aKakulas, B.A.
245 1 _aAn in vitro study of the effects of venom of australian elapids on murine skeletal muscle and the protective effect of homologous plasma
650 _aCOBRA PECONHENTA
650 _aVENENO
650 _aANTIDOTO
650 _aMUSCULO
650 _aTOXIDEZ
773 0 _tJournal of Venomous Animals and Toxins (Brazil)
_xISSN 1678-4936
_g(1998), v. 4(1) p. 36-50
_wBR2015006941
856 4 0 _uhttp://dx.doi.org/10.1590/S0104-79301998000100003
909 _a202311
_bLúcia
_c55
_dLúcia Elande
942 _2AGRIS
_n0
_cANA
999 _c247342
_d247342